000 00583nam a22002057a 4500
005 20250721102519.0
008 220208b ||||| |||| 00| 0 eng d
040 _cAL
041 _aEnglish
082 _223
_a613.7046
_bRAMP
100 _aB.R Ramachandraiah
_9219508
245 _aPhysical Health and Yoga Education
260 _aMysore
_bVismaya Prakashana
_c2022
300 _aviii,224 p.
_bPB
_c21x13 cm.
365 _a5660
_b₹200.00
_c
_d₹250.00
_e20%
_f05-02-2022
650 _aYoga
_917790
650 _aEducation
_917791
650 _aHealth
_917792
942 _2ddc
_cBK
999 _c221449
_d221449